El bisturí /

Main Author: Stýblová, Valja, 1922-2020
Other Authors: Valoušek, Jaromír, 1928-, Valoušková, Soňa, 1940-, Roldán, Enrique
Language: Spanish
Published: Praga : Orbis, 1986
Physical Description: 352 s. : il. ; 19 cm
Book
Saved in:
LEADER 01085nam a22003252a 4500
001 000863548
003 CZ BrMZK
005 20070828070009.0
007 ta
008 070828s1986 xr a er|||||||||||spa d
015 |a cnb000015645 
020 |q (Brož.) 
035 |a (OCoLC)85582092 
040 |a ABA001  |b cze  |d ABA001 
041 1 |a spa  |h cze 
080 9 |a 885.0-31 
100 1 |a Stýblová, Valja,  |d 1922-2020  |7 jk01121647  |4 aut 
245 1 3 |a El bisturí /  |c Valja Stýblová ; traducción [z češ. do špan.] Enrique Roldán ; [il.], cubierta y diagramación Soňa Valoušková, Jaromír Valoušek 
260 |a Praga :  |b Orbis,  |c 1986 
300 |a 352 s. :  |b il. ;  |c 19 cm 
500 |a Pozn. 
700 1 |a Valoušek, Jaromír,  |d 1928-  |7 jx20050629060  |4 ill 
700 1 |a Valoušková, Soňa,  |d 1940-  |7 jk01141337  |4 ill 
700 1 |a Roldán, Enrique  |4 trl 
765 0 |t Skalpel, prosím  |9 Španělsky 
910 |a BOA001  |b 1-0907.599 
990 |a BK 
995 |a 01 
991 |b 200708 
996 6 |b 2619373375  |c 1-0907.599  |l MZK  |r Sklad / do 1 hodiny  |n 1  |w 000863548  |u 000010  |a 1  |e BOA001  |j MZK50  |s P